| 000 | 00347nam a2200145Ia 4500 | ||
|---|---|---|---|
| 100 | _aBolles/Richard Nelson | ||
| 650 | _aGeneral | ||
| 942 | _cBK | ||
| 654 | _aWhat Colour | ||
| 245 | _aWhat Colour Is Your Parachute? Rev & Enlarged ed. | ||
| 260 |
_bTen Speed Press _aCalifornia _c1983 |
||
| 082 | _a331.7 | ||
| 300 | _a341 | ||
| 546 | _aENGLISH | ||
| 999 |
_c24321 _d24321 |
||